00320 2200145 4500245004400000250001100044100001200055650001600067650001700083005001900100260001800119041001400137084001400151336000900165 aMake Peace With YourselfcNurainihText aCet. 1 aNuraini aKarya Siswa aAutobiografi a20250520094955 aJakartac2025 aIndonesia a081 NUR a atext